| 000 | 00909nam a2200289 a 4500 | ||
|---|---|---|---|
| 001 | 37084 | ||
| 003 | BD-RjUL | ||
| 005 | 20211209052557.0 | ||
| 008 | 141015r19961989ii a b 001 0 eng | ||
| 020 | _a812030988X | ||
| 035 | _a(BD-RjUL)37186 | ||
| 040 |
_aDLC _cDLC _dDLC _dBD-RjUL _beng |
||
| 041 | _aeng | ||
| 082 | 0 | 0 |
_a632.7 _220 _bPEE 1996 |
| 100 | 1 |
_aPedigo, Larry P. _9112937 |
|
| 245 | 1 | 0 |
_aEntomology and pest management / _cLarry P. Pedigo. |
| 260 |
_aNew York : _bMacmillan ; _aLondon ; _aNew Delhi : _bPrentice-Hall of India; _bCollier Macmillan, _cc1989 [reprint 1996]. |
||
| 300 |
_axxii, 646 p. : _bill. ; _c26 cm. |
||
| 504 | _aIncludes bibliographies and index. | ||
| 650 | 0 |
_aInsect pests _xControl. _9112695 |
|
| 650 | 0 |
_aInsect pests. _9113395 |
|
| 650 | 0 |
_aInsects. _9113396 |
|
| 650 | 0 |
_aEntomology. _9113397 |
|
| 942 |
_2ddc _cBK |
||
| 999 |
_c37084 _d37084 |
||